Détermination du type de prélèvement urinaire de cellularité convenable en cytopathologie (Record no. 46725)

MARC details
000 -LEADER
fixed length control field 00712nam a22002297a 4500
003 - CONTROL NUMBER IDENTIFIER
control field 0
005 - DATE AND TIME OF LATEST TRANSACTION
control field 20160609165258.0
008 - FIXED-LENGTH DATA ELEMENTS--GENERAL INFORMATION
fixed length control field 100113t xxu||||| |||| 00| 0 eng d
037 ## - SOURCE OF ACQUISITION
Stock number M15458
Source of stock number/acquisition BIBLIO
040 ## - SOURCE DU CATALOGAGE
Original cataloging agency BUAC
Language of cataloging F
Transcribing agency BEPAC
082 ## - DEWEY DECIMAL CLASSIFICATION NUMBER
Classification number 26.ABM/CHA
100 ## - VEDETTE PRINCIPALE - NOM DE PERSONNE
Personal name Chabi , Sime Nazila
9 (RLIN) 2820
130 ## - VEDETTE PRINCIPALE - TITRE UNIFORME
Language of a work fr
9 (RLIN) 10831
245 ## - TITLE STATEMENT
Title Détermination du type de prélèvement urinaire de cellularité convenable en cytopathologie
260 ## - PUBLICATION, DISTRIBUTION, ETC. (IMPRINT)
Place of publication, distribution, etc UAC-EPAC
Name of publisher, distributor, etc UAC-EPAC
Date of publication, distribution, etc 2006-2007
300 ## - PHYSICAL DESCRIPTION
Extent I-67p
Dimensions 29cm
500 ## - GENERAL NOTE
General note MEM ECOLE POLYTECHNIQUE D'ABOMEY CALAVI (UAC) <br/>2007
650 ## - SUBJECT ADDED ENTRY--TOPICAL TERM
Topical term or geographic name as entry element URINE CELLULARITE
9 (RLIN) 2821
650 ## - SUBJECT ADDED ENTRY--TOPICAL TERM
Topical term or geographic name as entry element CYTOPATHOLOGIE
9 (RLIN) 2821
700 ## - ADDED ENTRY--PERSONAL NAME
Personal name Oumbouke , Achille Welbeck
9 (RLIN) 2822
942 ## - ADDED ENTRY ELEMENTS (KOHA)
Koha item type Thèse et Memoire
Holdings
Withdrawn status Lost status Damaged status Not for loan Location (home branch) Sublocation or collection (holding branch) Date acquired Source of acquisition Koha issues (times borrowed) Koha full call number Piece designation (barcode) Koha date last seen Copy number Price effective from Koha item type
        Bibliothèque Ecole Polytechnique d'Abomey-Calavi Bibliothèque Ecole Polytechnique d'Abomey-Calavi 12/11/2010 Dépot légal   26/ABM/CHA M16089EPAC 12/11/2010 1 12/11/2010 Thèse et Memoire
        Bibliothèque Ecole Polytechnique d'Abomey-Calavi Bibliothèque Ecole Polytechnique d'Abomey-Calavi 12/11/2010 Dépot légal   26/ABM/CHA M16090EPAC 12/11/2010 2 12/11/2010 Thèse et Memoire
        Bibliothèque Ecole Polytechnique d'Abomey-Calavi Bibliothèque Ecole Polytechnique d'Abomey-Calavi 12/11/2010 Dépot légal   26/ABM/CHA M16091EPAC 12/11/2010 3 12/11/2010 Thèse et Memoire


© 2008, Bibliothèques de l'Université d'Abomey-Calavi

04 BP 789 Cotonou, Tél. : +229 21 36 01 01, Fax : +229 21 35 06 32

Courriel : bu@bu.uac.bj